000 00485nam a2200181Ia 4500
008 100920s9999 xx 000 0 und d
082 _b37142
_a22 थ 76
100 _aVALESSYUK V. AND POVZNER V.
245 _aFUNDAMENTALS OF RADIO.
260 _bMIR PUBLISHERS, MOWCOW.
_c1976
300 _a821
_bसाधी
365 _b0
520 _aएस.सी.
630 _aFUNDAMENTALS OF RADIO.
650 _aएस.सी.
730 _aFUNDAMENTALS OF RADIO.
942 _cBOOK
999 _c689841
_d689838